Eksperimen dengan tumbuh -tumbuhan

Bibliographic Details
Main Author: Byles, Monica
Format: Book
Published: Petaling Jaya : Flo Enterprise , 1992
Subjects:

MARC

LEADER 00000cam a2200000 7i4500
001 0000007196
002 000007741
005 20000330.0
020 |a 9679713016 
090 0 0 |a J 500   |b BYL 
100 1 |a Byles, Monica 
245 1 0 |a Eksperimen dengan tumbuh -tumbuhan   |c Monica Byles 
260 |a Petaling Jaya :   |b Flo Enterprise ,   |c 1992 
300 |a 32 p. :   |b ill. ;   |c 26 cm. 
650 0 0 |a Plants   |x Experiment   |x Juvenile Literature 
999 |a 051808   |b BUKU   |c PINJAMAN   |e PERPUSTAKAAN KOMUNITI PETALING JAYA 
999 |a 051809   |b BUKU   |c PINJAMAN   |e PERPUSTAKAAN KOMUNITI PETALING JAYA 
999 |a 051810   |b BUKU   |c PINJAMAN   |e PERPUSTAKAAN KOMUNITI PETALING JAYA 
999 |a 054831   |b BUKU   |c PINJAMAN   |e PERPUSTAKAAN KOMUNITI CAW KOTA DAMANSARA 
999 |a 054832   |b BUKU   |c PINJAMAN   |e PERPUSTAKAAN KOMUNITI CAW KOTA DAMANSARA